|
|
|
|
| LEADER |
00677nta a2200181 i 4500 |
| 001 |
dipl144898 |
| 005 |
20250325152141.0 |
| 008 |
250325s2001 hu om 000 ger d |
| 040 |
|
|
|a SZTE Diploma Repozitórium
|b hun
|
| 041 |
|
|
|a ger
|
| 100 |
1 |
|
|a Tóth Ágnes
|
| 245 |
1 |
4 |
|a Die sozialen und wirtschaftlichen Hintergründe der Ansiedlung der Batschkadeutschen am Beispiel von Kemei-Kerény
|h [elektronikus dokumentum] /
|c Ágnes Tóth
|
| 260 |
|
|
|c 2001
|
| 650 |
|
4 |
|a Bölcsészettudományok
|
| 650 |
|
4 |
|a Humanities
|
| 650 |
|
4 |
|a Languages and Literature
|
| 700 |
0 |
1 |
|a Hansel István
|e ths
|
| 856 |
4 |
0 |
|u https://diploma.bibl.u-szeged.hu/id/eprint/144898/1/2001_toth_agnes.pdf
|z Dokumentum-elérés
|